000 00570cam a22001697i 4500
999 _c12820
_d12820
003 OSt
005 20240713093754.0
008 151002s2016 nyua b 000 0 eng
020 _a9780500292358
_q(pbk.)
082 _a724
245 1 0 _aRETHINKING THE MODULAR :
_bAdaptable Systems in Architecture and Design /
_cBurkhard Meltzer [editor], Tido von Oppeln [editor].
300 _a297 pages :
_bcolor illustrations ;
_c24 cm
504 _aIncludes bibliographic references.
700 1 _aMeltzer, Burkhard,
_eeditor.
700 1 _aOppeln, Tido von,
_eeditor.
942 _2ddc